[Event "Gibraltar Masters 2015"]
[Site "Caleta ENG"]
[Date "2015.01.27"]
[Round "1.3"]
[White "Svidler, Peter"]
[Black "Frisk, Ellinor"]
[Result "1-0"]
[WhiteTitle "GM"]
[BlackTitle "WIM"]
[WhiteElo "2739"]
[BlackElo "2266"]
[WhiteFideId "4102142"]
[BlackFideId "1708481"]
[EventDate "2015.01.27"]

1. e4 c5 2. Nf3 Nc6 3. Bb5 d6 4. O-O Bd7 5. c3 Nf6 6. Re1 a6 7. Bf1 Bg4 8. h3
Bh5 9. g4 Bg6 10. d4 Bxe4 11. Rxe4 Nxe4 12. d5 Nxf2 13. Kxf2 Ne5 14. Nxe5 dxe5
15. Qa4+ b5 16. Qe4 Qd6 17. a4 g6 18. axb5 Bg7 19. Rxa6 Rxa6 20. bxa6 O-O 21.
Qa4 f5 22. Qc6 fxg4+ 23. Ke1 Qb8 24. Qe6+ Kh8 25. Qxg4 e4 26. Be2 Qh2 27. Kd1
Qh1+ 28. Kc2 e3 29. Bxe3 Qxd5 30. Nd2 Rd8 31. Qe4 Qd7 32. Nb3 c4 33. Nc5 Qxh3
34. a7 1-0

[Event "Gibraltar Masters 2015"]
[Site "Caleta ENG"]
[Date "2015.01.27"]
[Round "1.4"]
[White "Olsarova, Tereza"]
[Black "Vitiugov, Nikita"]
[Result "0-1"]
[WhiteTitle "WIM"]
[BlackTitle "GM"]
[WhiteElo "2288"]
[BlackElo "2735"]
[WhiteFideId "325449"]
[BlackFideId "4152956"]
[EventDate "2015.01.27"]

1. e4 c5 2. Nf3 e6 3. d4 cxd4 4. Nxd4 a6 5. Nc3 b5 6. Bd3 Qb6 7. Nb3 Qc7 8. O-O
Nf6 9. Qe2 Nc6 10. Kh1 Be7 11. Bd2 Bb7 12. Rae1 b4 13. Nd1 a5 14. e5 Nd5 15. c4
bxc3 16. Nxc3 Ncb4 17. Rc1 Qb8 18. Bb5 O-O 19. a3 Nxc3 20. Rxc3 Nc6 21. Bf4 a4
22. Bd3 g6 23. Nc5 Rd8 24. Nxb7 Qxb7 25. Be4 Rab8 26. Rb1 Qb6 27. Rh3 Nd4 28.
Qg4 Nf5 29. Bxf5 exf5 30. Qg3 Qe6 31. Bd2 Qa2 32. Re1 Rxb2 0-1

[Event "Gibraltar Masters 2015"]
[Site "Caleta ENG"]
[Date "2015.01.27"]
[Round "1.5"]
[White "Jakovenko, Dmitry"]
[Black "Rydstrom, Tom"]
[Result "1-0"]
[WhiteTitle "GM"]
[WhiteElo "2733"]
[BlackElo "2292"]
[WhiteFideId "4122356"]
[BlackFideId "1714830"]
[EventDate "2015.01.27"]

1. Nf3 Nf6 2. c4 e6 3. g3 d5 4. Bg2 c6 5. O-O Nbd7 6. d4 Bd6 7. Nc3 O-O 8. Nd2
Re8 9. e4 dxe4 10. Ndxe4 Nxe4 11. Nxe4 Be7 12. Bf4 Nf6 13. Nc3 Bd6 14. Be5 Qc7
15. f4 Rd8 16. Qf3 Ne8 17. Rad1 f6 18. c5 Bxe5 19. fxe5 f5 20. Ne4 Qe7 21. Nd6
Nxd6 22. cxd6 Qf7 23. Qb3 Bd7 24. Qxb7 Rab8 25. Qxa7 Ra8 26. Qc5 Rxa2 27. Rf2 h5
28. Qc4 Raa8 29. b4 Rdc8 30. Ra2 Rxa2 31. Qxa2 h4 32. gxh4 Qh5 33. Rf1 Qxh4 34.
Qa7 Qd8 35. Ra1 Kh7 36. Ra3 g5 37. Qb7 Rb8 38. Qc7 Kg6 39. Ra7 Qxc7 40. Rxc7 Rd8
41. Bxc6 Bxc6 42. Rxc6 f4 43. b5 1-0

[Event "Gibraltar Masters 2015"]
[Site "Caleta ENG"]
[Date "2015.01.27"]
[Round "1.6"]
[White "Nuri, Kambez"]
[Black "Yu, Yangyi"]
[Result "0-1"]
[WhiteTitle "FM"]
[BlackTitle "GM"]
[WhiteElo "2305"]
[BlackElo "2724"]
[WhiteFideId "1311433"]
[BlackFideId "8603820"]
[EventDate "2015.01.27"]

1. e4 c5 2. Nf3 e6 3. d4 cxd4 4. Nxd4 a6 5. c4 Nf6 6. Nc3 Bb4 7. Qd3 Qc7 8. Nc2
Bd6 9. g3 b6 10. Bg2 Bb7 11. O-O Nc6 12. b3 O-O 13. Rd1 Be7 14. h3 d6 15. f4
Rad8 16. Ba3 Rfe8 17. Ne3 Ba8 18. Kh2 Qb8 19. Qc2 b5 20. Bb2 bxc4 21. Nxc4 d5
22. Ne5 Nb4 23. Qe2 d4 24. Na4 Qb5 25. Qxb5 axb5 26. Nb6 Bxe4 27. Bxe4 Nxe4 28.
a3 f6 29. Ned7 Nd5 30. Rxd4 Nxb6 31. Nxb6 Rxd4 32. Bxd4 Rd8 0-1

[Event "Gibraltar Masters 2015"]
[Site "Caleta ENG"]
[Date "2015.01.27"]
[Round "1.7"]
[White "Harikrishna, Pentala"]
[Black "De Haan, Eric"]
[Result "1-0"]
[WhiteTitle "GM"]
[BlackTitle "FM"]
[WhiteElo "2723"]
[BlackElo "2299"]
[WhiteFideId "5007003"]
[BlackFideId "1005006"]
[EventDate "2015.01.27"]

1. e4 c5 2. Nf3 e6 3. d4 cxd4 4. Nxd4 Nc6 5. Nc3 Qc7 6. Be2 Nf6 7. O-O Be7 8.
Be3 O-O 9. Kh1 d6 10. f4 Nxd4 11. Qxd4 e5 12. Qd3 b6 13. g4 Bb7 14. Bf3 exf4 15.
Bxf4 Rac8 16. Rad1 Qc4 17. g5 Nd7 18. Bg4 Qxd3 19. Rxd3 Rcd8 20. Nd5 Rfe8 21.
Nxe7+ Rxe7 22. Rxd6 Bxe4+ 23. Kg1 f5 24. gxf6 gxf6 25. Be6+ Kh8 26. Rfd1 Rxe6
27. Rxe6 Rg8+ 28. Bg3 Bf5 29. Re7 h5 30. Kf2 Nc5 31. Bh4 Ne4+ 32. Ke3 Bg4 33.
Kxe4 Bxd1 1-0

[Event "Gibraltar Masters 2015"]
[Site "Caleta ENG"]
[Date "2015.01.27"]
[Round "1.8"]
[White "Tate, Alan"]
[Black "Rapport, Richard"]
[Result "0-1"]
[WhiteTitle "FM"]
[BlackTitle "GM"]
[WhiteElo "2297"]
[BlackElo "2716"]
[WhiteFideId "2401878"]
[BlackFideId "738590"]
[EventDate "2015.01.27"]

1. e4 c5 2. Nf3 a6 3. c3 e6 4. d4 d5 5. Nbd2 Nc6 6. Bd3 cxd4 7. cxd4 dxe4 8.
Nxe4 Nf6 9. O-O Be7 10. a3 O-O 11. Be3 Nd5 12. Rc1 Qb6 13. Qc2 h6 14. Nc5 Rd8
15. Bh7+ Kh8 16. Be4 Bf8 17. Qe2 Kg8 18. Rfd1 Bd7 19. Bxd5 exd5 20. Ne5 Be8 21.
Qg4 Rd6 22. Ncd3 Rad8 23. h4 Ne7 24. h5 f6 25. Nf3 Bd7 26. Qf4 Bf5 27. b4 Qb5
28. Nc5 Bc8 29. Nd3 Qe8 30. g4 Re6 31. Nc5 Rc6 32. Nh2 f5 33. Nd3 fxg4 34. Ne5
Rf6 35. Qg3 Nf5 36. Qg2 Nh4 37. Qg3 Qxh5 38. Rxc8 Rxc8 39. Nhxg4 Re6 40. Qh3
Rce8 41. Bf4 Bd6 42. Rd3 Bxe5 43. Nxe5 Rf6 44. Bc1 Rxe5 0-1

[Event "Gibraltar Masters 2015"]
[Site "Caleta ENG"]
[Date "2015.01.27"]
[Round "1.9"]
[White "Matlakov, Maxim"]
[Black "Lombaers, Peter"]
[Result "1-0"]
[WhiteTitle "GM"]
[WhiteElo "2695"]
[BlackElo "2291"]
[WhiteFideId "4168003"]
[BlackFideId "1032852"]
[EventDate "2015.01.27"]

1. d4 f5 2. g3 Nf6 3. Bg2 g6 4. Nf3 Bg7 5. O-O O-O 6. c4 d6 7. Nc3 Nc6 8. d5 Ne5
9. Nxe5 dxe5 10. Qb3 h6 11. Rd1 Kh8 12. c5 a6 13. Bd2 Rb8 14. Be1 Qe8 15. Rac1
g5 16. Qb4 e4 17. f3 e5 18. c6 a5 19. Qb5 Qh5 20. d6 cxd6 21. c7 Ra8 22. Rxd6
Qf7 23. Nd5 Nxd5 24. Qxd5 Qxd5 25. Rxd5 exf3 26. exf3 Be6 27. Rb5 Bxa2 28. Bxa5
Be6 29. Bc3 f4 30. Bxe5 Bxe5 31. Rxe5 Bd7 32. Re7 1-0

[Event "Gibraltar Masters 2015"]
[Site "Caleta ENG"]
[Date "2015.01.27"]
[Round "1.10"]
[White "Buchal, Stephan"]
[Black "Cheparinov, Ivan"]
[Result "0-1"]
[WhiteTitle "FM"]
[BlackTitle "GM"]
[WhiteElo "2273"]
[BlackElo "2681"]
[WhiteFideId "4603915"]
[BlackFideId "2905540"]
[EventDate "2015.01.27"]

1. c4 Nf6 2. g3 e5 3. Bg2 h6 4. Nc3 Bb4 5. Nf3 Bxc3 6. bxc3 e4 7. Nd4 O-O 8. O-O
d6 9. f3 c5 10. Nc2 exf3 11. Rxf3 Nc6 12. d3 d5 13. cxd5 Nxd5 14. Qd2 Be6 15.
Rb1 Qd7 16. Ba3 b6 17. c4 Nde7 18. Bb2 f6 19. Ne3 Rad8 20. Rbf1 Ne5 21. Bxe5
fxe5 22. Rxf8+ Rxf8 23. Rxf8+ Kxf8 24. Be4 Ng8 25. Bd5 Nf6 26. Bxe6 Qxe6 27. Nc2
e4 28. Qe3 Kf7 29. Kg2 Qc6 30. d4 cxd4 31. Qxd4 Qa4 32. Ne3 Qxa2 33. Kf2 Qa3 34.
Nf5 Qc5 35. Qxc5 bxc5 36. Ke3 Ke6 37. Nxg7+ Ke5 38. Kd2 Ng4 39. h3 Nf2 40. h4 a5
41. Kc3 a4 42. Nh5 Nd1+ 43. Kc2 Ne3+ 44. Kc3 Nf5 45. Kb2 Kd4 46. Ka3 Kxc4 47. g4
Nxh4 48. Nf6 e3 49. Ng8 Kc3 50. Nxh6 Kd2 51. Nf5 Nxf5 52. gxf5 c4 53. f6 c3 54.
f7 c2 55. f8=Q c1=Q+ 56. Kxa4 Qc4+ 57. Ka5 Kxe2 58. Qh6 Qc5+ 59. Ka6 Kd1 60.
Qh1+ Kd2 61. Qe4 Qd6+ 62. Ka7 e2 63. Qg2 Qa3+ 64. Kb8 Qb4+ 65. Ka7 Qa4+ 66. Kb8
Qf4+ 67. Ka8 Ke3 68. Qg1+ Kf3 69. Qe1 Qe3 70. Kb8 Kg2 0-1

[Event "Gibraltar Masters 2015"]
[Site "Caleta ENG"]
[Date "2015.01.27"]
[Round "1.11"]
[White "Rodshtein, Maxim"]
[Black "Viana, Dirceu"]
[Result "1-0"]
[WhiteTitle "GM"]
[BlackTitle "FM"]
[WhiteElo "2680"]
[BlackElo "2268"]
[WhiteFideId "2806851"]
[BlackFideId "2101360"]
[EventDate "2015.01.27"]

1. d4 d5 2. c4 c6 3. Nf3 Nf6 4. e3 Bg4 5. Nc3 Nbd7 6. h3 Bxf3 7. Qxf3 e6 8. Bd3
Bd6 9. cxd5 exd5 10. g4 h6 11. h4 Nf8 12. Bd2 Qe7 13. O-O-O O-O-O 14. Qg2 Kb8
15. Kb1 g6 16. f3 Ne6 17. Ne2 c5 18. dxc5 Bxc5 19. Bc2 Ka8 20. Bc1 Nc7 21. Nd4
Bb6 22. h5 gxh5 23. Nf5 Qe5 24. gxh5 Ne6 25. Qh2 Qxh2 26. Rxh2 Bc7 27. Rh4 Ng5
28. Rf1 Rde8 29. Bd2 Be5 30. Bb4 Ne6 31. Rd1 Reg8 32. f4 Bc7 33. Bc3 d4 34. Nxd4
Nd5 35. Bd2 Nxd4 36. exd4 Rg3 37. Bb3 Ne3 38. Rc1 Bd6 39. Bxf7 Nf5 1-0

[Event "Gibraltar Masters 2015"]
[Site "Caleta ENG"]
[Date "2015.01.27"]
[Round "1.13"]
[White "Hou, Yifan"]
[Black "Cordes, Hans-Joerg"]
[Result "1-0"]
[WhiteTitle "GM"]
[BlackTitle "FM"]
[WhiteElo "2673"]
[BlackElo "2262"]
[WhiteFideId "8602980"]
[BlackFideId "4602234"]
[EventDate "2015.01.27"]

1. e4 e6 2. d4 d5 3. Nc3 Nf6 4. e5 Nfd7 5. f4 c5 6. Nf3 Nc6 7. Be3 Be7 8. Qd2
O-O 9. Be2 b6 10. O-O f5 11. exf6 Nxf6 12. Kh1 Ne4 13. Qe1 Bb7 14. dxc5 Nxc3 15.
Qxc3 bxc5 16. Bxc5 Rxf4 17. Nd4 Rxf1+ 18. Rxf1 Bxc5 19. Qxc5 Nxd4 20. Qxd4 Qd6
21. Bg4 e5 22. Qf2 Qe7 23. c3 Bc6 24. h3 Rd8 25. Re1 Re8 26. Bd1 g6 27. a4 Rf8
28. Qe3 Kg7 29. b4 Re8 30. b5 Ba8 31. a5 Qd7 32. Qc5 d4 33. Bg4 Qf7 34. Kg1 Qf4
35. cxd4 h5 36. Qxa7+ Kh6 37. dxe5 hxg4 38. Qe3 Kg5 39. h4+ 1-0

[Event "Gibraltar Masters 2015"]
[Site "Caleta ENG"]
[Date "2015.01.27"]
[Round "1.14"]
[White "Semprun Martinez, Fernando"]
[Black "Jones, Gawain C B"]
[Result "0-1"]
[BlackTitle "GM"]
[WhiteElo "2253"]
[BlackElo "2671"]
[WhiteFideId "2203170"]
[BlackFideId "409561"]
[EventDate "2015.01.27"]

1. e4 e5 2. Nf3 Nc6 3. Bb5 a6 4. Ba4 Nf6 5. O-O Bc5 6. c3 b5 7. Bc2 d5 8. d4
dxe4 9. dxc5 Qxd1 10. Bxd1 exf3 11. Bxf3 e4 12. Be2 Bg4 13. Bxg4 Nxg4 14. Nd2 f5
15. f3 Nf6 16. Re1 O-O-O 17. fxe4 Rhe8 18. Nb3 Nxe4 19. Be3 g6 20. Bd4 a5 21. a4
bxa4 22. Rxa4 Nxc5 23. Rxe8 Nxa4 24. Re2 Rd5 0-1

[Event "Gibraltar Masters 2015"]
[Site "Caleta ENG"]
[Date "2015.01.27"]
[Round "1.15"]
[White "Howell, David W L"]
[Black "Menna Barreto, Felipe Kubiaki"]
[Result "1-0"]
[WhiteTitle "GM"]
[BlackTitle "FM"]
[WhiteElo "2670"]
[BlackElo "2247"]
[WhiteFideId "410608"]
[BlackFideId "2119757"]
[EventDate "2015.01.27"]

1. c4 g6 2. d4 Bg7 3. e4 d6 4. Nc3 Nc6 5. Be3 Nf6 6. f3 O-O 7. Nge2 a6 8. Qd2
Rb8 9. Nc1 e5 10. d5 Nd4 11. Nb3 Nxb3 12. axb3 Nh5 13. O-O-O f5 14. Kb1 Nf6 15.
Bd3 Qe7 16. Rhe1 fxe4 17. Nxe4 Nxe4 18. Bxe4 Bf5 19. Bf2 b6 20. b4 Qd7 21. Re2
Qa4 22. Qc2 Qd7 23. Rd3 Bxe4 24. Rxe4 Rf4 25. Ra3 b5 26. Rxa6 Rxe4 27. fxe4 bxc4
28. Qxc4 Qg4 29. Ra7 Rc8 30. Ka2 Qxg2 31. Bb6 Qxh2 32. Rxc7 Rxc7 33. Bxc7 Qf2
34. b5 Qa7+ 35. Kb3 h5 36. b6 Qb7 37. Qc6 1-0

[Event "Gibraltar Masters 2015"]
[Site "Caleta ENG"]
[Date "2015.01.27"]
[Round "1.16"]
[White "Galmandakh, Badrakh"]
[Black "Motylev, Alexander"]
[Result "1-0"]
[BlackTitle "GM"]
[WhiteElo "2240"]
[BlackElo "2665"]
[WhiteFideId "4902130"]
[BlackFideId "4121830"]
[EventDate "2015.01.27"]

1. d3 d5 2. e4 dxe4 3. dxe4 Qxd1+ 4. Kxd1 e5 5. Be3 Nf6 6. f3 Nbd7 7. Nd2 a5 8.
a4 Bc5 9. Nc4 Bxe3 10. Nxe3 Nc5 11. Nc4 Nfd7 12. Nh3 Ke7 13. c3 Nb6 14. Nxb6
cxb6 15. Bc4 Bd7 16. b3 Rac8 17. Bd5 Rc7 18. Nf2 Rhc8 19. Kc2 f5 20. c4 fxe4 21.
Nxe4 Na6 22. Kb2 Nb4 23. Rad1 Bf5 24. Rhe1 Rd8 25. Ng3 Nd3+ 26. Kc3 Nxe1 27.
Nxf5+ Kf6 28. Ne3 Nxg2 29. Nxg2 h5 30. Ne3 g5 31. Rg1 Rg7 32. Be4 Rdd7 33. Nd5+
Ke6 34. h3 Rd6 35. Ne3 Rd8 36. Bd5+ Kf6 37. Rg2 Rgd7 38. Be4 Rg7 39. Nd5+ Ke6
40. Nxb6 Rd1 41. Rh2 Rc1+ 42. Kb2 Re1 43. Nd5 Kf7 44. Nc3 Ke8 45. Kc2 Ra1 46.
Kd2 Rf1 47. Bd5 Kd8 48. Ne4 Ke7 49. Ng3 Ra1 50. Kc3 Rg6 51. Bxb7 Re1 52. Be4 Rb6
53. Bd3 Rf6 54. Be2 Kd7 55. Nxh5 Rb6 56. Bd3 Re3 57. Rf2 Rd6 58. Rd2 Rxf3 59.
Kc2 Ke7 60. Ng7 e4 61. Bxe4 Rxd2+ 62. Kxd2 Rxh3 63. Nf5+ Kf6 64. Ne3 Ke5 65. Bg2
Rh7 66. c5 Kd4 67. c6 Rc7 68. Nc4 g4 69. Na3 Kc5 70. Nb5 Rc8 71. c7 Kb6 72. Ke3
Rf8 73. Bh1 g3 74. Bg2 Rf2 75. c8=Q Re2+ 76. Kf4 Rf2+ 77. Bf3 1-0

[Event "Gibraltar Masters 2015"]
[Site "Caleta ENG"]
[Date "2015.01.27"]
[Round "1.17"]
[White "Iturrizaga Bonelli, Eduardo"]
[Black "Scharrer, Patrick"]
[Result "1-0"]
[WhiteTitle "GM"]
[BlackTitle "FM"]
[WhiteElo "2649"]
[BlackElo "2231"]
[WhiteFideId "3901211"]
[BlackFideId "811114"]
[EventDate "2015.01.27"]

1. Nf3 Nf6 2. c4 g6 3. Nc3 Bg7 4. e4 d6 5. d4 O-O 6. Be2 Na6 7. O-O e5 8. Be3
Ng4 9. Bg5 Qe8 10. Re1 exd4 11. Nd5 c6 12. Ne7+ Kh8 13. Nxc8 Rxc8 14. Nxd4 Nf6
15. f3 Qe5 16. Be3 Nc7 17. Qd2 Nh5 18. Rad1 c5 19. Nc2 Qxb2 20. Rb1 Qxa2 21. g4
Nf6 22. Ra1 Qb2 23. Reb1 Qe5 24. Rxa7 Ne6 25. Rbxb7 Kg8 26. Bf1 Ra8 27. Rxf7
Rxa7 28. Rxa7 h5 29. Re7 Rf7 30. Rxf7 Kxf7 31. g5 Nh7 32. Bg2 Nhf8 33. f4 Qb2
34. Bh3 Nd4 35. Nxd4 Qxd2 36. Bxd2 Bxd4+ 37. Kf1 Bb2 38. Ke2 Bd4 39. Be3 Bb2 40.
Kd3 Ne6 41. Bxe6+ Kxe6 42. Bd2 Bd4 43. Bc3 Bg1 44. h3 Bf2 45. Ke2 Bg1 46. Kf3
Kf7 47. f5 Bh2 48. Bd2 1-0

[Event "Gibraltar Masters 2015"]
[Site "Caleta ENG"]
[Date "2015.01.27"]
[Round "1.18"]
[White "Spence, David J"]
[Black "Edouard, Romain"]
[Result "0-1"]
[BlackTitle "GM"]
[WhiteElo "2231"]
[BlackElo "2638"]
[WhiteFideId "407429"]
[BlackFideId "633429"]
[EventDate "2015.01.27"]

1. e4 c5 2. c3 d5 3. exd5 Qxd5 4. d4 Nf6 5. Nf3 Bg4 6. dxc5 Qxc5 7. Na3 a6 8. h3
Bh5 9. Be3 Qc7 10. g4 Bg6 11. Bg2 e6 12. Qa4+ Nbd7 13. Bf4 Qc8 14. Ne5 Bc5 15.
O-O-O Ra7 16. g5 b5 17. Nxb5 axb5 18. Qxb5 O-O 19. Nxg6 hxg6 20. gxf6 Nxf6 21.
Kb1 Bxf2 22. Rd2 Bc5 23. Bd6 Bxd6 24. Rxd6 Re7 25. Re1 Rfe8 26. Bc6 Qc7 27. Bxe8
Qxd6 28. Bc6 e5 29. a4 e4 30. a5 Re5 31. Qa6 Kh7 32. Bb7 Qd8 33. Qb6 Qd3+ 34.
Ka2 Rb5 35. Qa6 Qc4+ 0-1

[Event "Gibraltar Masters 2015"]
[Site "Caleta ENG"]
[Date "2015.01.27"]
[Round "1.19"]
[White "Sutovsky, Emil"]
[Black "Hommerson, Paul"]
[Result "1-0"]
[WhiteTitle "GM"]
[WhiteElo "2637"]
[BlackElo "2229"]
[WhiteFideId "2802007"]
[BlackFideId "1025325"]
[EventDate "2015.01.27"]

1. e4 e5 2. Nf3 Nf6 3. Nxe5 d6 4. Nf3 Nxe4 5. d4 d5 6. Bd3 Nc6 7. O-O Be7 8. Nc3
Nxc3 9. bxc3 Bg4 10. Rb1 Rb8 11. Re1 O-O 12. h3 Bh5 13. Bf5 Re8 14. Bf4 Bg6 15.
Qd3 Bd6 16. Rxe8+ Qxe8 17. Bxd6 cxd6 18. Bxg6 hxg6 19. Qb5 Qd7 20. Qxd5 Ne7 21.
Qe4 b6 22. Re1 Nf5 23. g4 Nh6 24. Qe7 Qc6 25. Re3 Rf8 26. Qxa7 f5 27. Re7 Nf7
28. gxf5 gxf5 29. Qb7 Qxc3 30. Ng5 Qa1+ 31. Kg2 Nxg5 32. Rxg7+ Kh8 33. Rxg5 Rg8
34. Rxg8+ Kxg8 35. Qxb6 Qxa2 36. Qb3+ 1-0

[Event "Gibraltar Masters 2015"]
[Site "Caleta ENG"]
[Date "2015.01.27"]
[Round "1.20"]
[White "Barrenechea Bahamonde, Gustavo"]
[Black "Bartel, Mateusz"]
[Result "0-1"]
[BlackTitle "GM"]
[WhiteElo "2223"]
[BlackElo "2631"]
[WhiteFideId "2254425"]
[BlackFideId "1112635"]
[EventDate "2015.01.27"]

1. e4 c6 2. Nc3 d5 3. Nf3 Nf6 4. e5 Ne4 5. Ne2 Qb6 6. d4 e6 7. Nfg1 f6 8. f3 Ng5
9. exf6 gxf6 10. f4 Nf7 11. Nf3 Be7 12. c3 O-O 13. Qb3 Nd7 14. Be3 Re8 15. g3 e5
16. Qxb6 Nxb6 17. dxe5 Bg4 18. Nd2 fxe5 19. O-O-O Bf6 20. Re1 exf4 21. gxf4 Rxe3
22. Rg1 h5 23. h3 Bh4 24. Rd1 Bf2 25. Rg2 Rxh3 26. Rxf2 Re3 27. Rg2 Rae8 28. Re1
Nd6 29. Kc2 Kf8 30. Nb3 Nf5 31. Nbc1 Rf3 32. Rg1 Ne3+ 0-1

[Event "Gibraltar Masters 2015"]
[Site "Caleta ENG"]
[Date "2015.01.27"]
[Round "1.21"]
[White "Adhiban, Baskaran"]
[Black "Urbina Perez, Juan Antonio"]
[Result "1-0"]
[WhiteTitle "GM"]
[BlackTitle "CM"]
[WhiteElo "2630"]
[BlackElo "2221"]
[WhiteFideId "5018471"]
[BlackFideId "2217368"]
[EventDate "2015.01.27"]

1. e4 e5 2. Nf3 Nc6 3. Bb5 a6 4. Ba4 Nge7 5. O-O g6 6. c3 Bg7 7. d4 exd4 8. cxd4
b5 9. Bc2 d6 10. d5 Na5 11. Bd2 c5 12. Bc3 Bxc3 13. Nxc3 Bg4 14. h3 Bxf3 15.
Qxf3 O-O 16. Rad1 b4 17. Ne2 Kg7 18. Qg3 Ra7 19. b3 Rd7 20. e5 dxe5 21. Qxe5+ f6
22. Qe6 Rd6 23. Nf4 Rf7 24. Qe3 Qc8 25. Rfe1 Nb7 26. Qg3 Qd7 27. Re6 Rxd5 28.
Rde1 Rg5 29. Qf3 Re5 30. Rd1 Qc8 31. Rxa6 Nd8 32. Ra8 1-0

[Event "Gibraltar Masters 2015"]
[Site "Caleta ENG"]
[Date "2015.01.27"]
[Round "1.22"]
[White "Terron Elena, Francisco M."]
[Black "Bachmann, Axel"]
[Result "0-1"]
[WhiteTitle "FM"]
[BlackTitle "GM"]
[WhiteElo "2218"]
[BlackElo "2629"]
[WhiteFideId "2210576"]
[BlackFideId "3700488"]
[EventDate "2015.01.27"]

1. d4 Nf6 2. c4 e6 3. Nc3 Bb4 4. Nf3 b6 5. Bg5 Bb7 6. Nd2 h6 7. Bh4 Bxc3 8. bxc3
d6 9. e3 Nbd7 10. Bd3 g5 11. Bg3 Bxg2 12. Rg1 Bb7 13. h4 Qe7 14. Qa4 a6 15. c5
dxc5 16. hxg5 hxg5 17. Bxc7 b5 18. Qc2 Rc8 19. Ba5 Nd5 20. Qb2 N7b6 21. c4 bxc4
22. Bxc4 Nxc4 23. Nxc4 Kf8 24. dxc5 f6 25. Nb6 Nxb6 26. Bxb6 Kf7 27. O-O-O Rh4
28. Rd4 Rch8 29. Qd2 Rxd4 30. Qxd4 Rh4 31. Qd3 Qe8 32. Rd1 Bd5 33. Qxa6 Rc4+ 34.
Kb1 Kg7 35. Kb2 Ra4 36. Qd3 Rxa2+ 37. Kc1 Qa4 0-1

[Event "Gibraltar Masters 2015"]
[Site "Caleta ENG"]
[Date "2015.01.27"]
[Round "1.23"]
[White "Salgado Lopez, Ivan"]
[Black "Al-Tamimi, Hamad"]
[Result "1-0"]
[WhiteTitle "GM"]
[WhiteElo "2628"]
[BlackElo "2214"]
[WhiteFideId "2257327"]
[BlackFideId "12100285"]
[EventDate "2015.01.27"]

1. d4 d5 2. c4 e6 3. Nf3 Nf6 4. g3 Be7 5. Bg2 O-O 6. Qc2 c6 7. Nbd2 b6 8. e4 Bb7
9. O-O Nbd7 10. Rd1 Rc8 11. e5 Ne8 12. b3 c5 13. Bb2 Qc7 14. dxc5 Nxc5 15. Rac1
Qb8 16. cxd5 Na4 17. Qb1 Nxb2 18. Rxc8 Bxc8 19. Qxb2 exd5 20. Nf1 Be6 21. Ne3
Nc7 22. b4 Rd8 23. Nd4 Qb7 24. a3 b5 25. Rc1 Bf8 26. Qc3 Na8 27. Qd3 a6 28. Nxe6
fxe6 29. Bh3 Re8 30. Nc2 Qc6 31. Rd1 Qc4 32. Nd4 Nc7 33. Qd2 1-0

[Event "Gibraltar Masters 2015"]
[Site "Caleta ENG"]
[Date "2015.01.27"]
[Round "1.24"]
[White "Perez Garcia, Alejandro"]
[Black "Agdestein, Simen"]
[Result "0-1"]
[BlackTitle "GM"]
[WhiteElo "2207"]
[BlackElo "2626"]
[WhiteFideId "32041543"]
[BlackFideId "1500015"]
[EventDate "2015.01.27"]

1. Nf3 d5 2. b3 Bg4 3. Bb2 Bxf3 4. exf3 e6 5. f4 Nf6 6. g3 g6 7. Bg2 Bg7 8. O-O
O-O 9. d3 c5 10. Nd2 Nc6 11. Nf3 Nd7 12. Bxg7 Kxg7 13. c3 Rc8 14. Re1 b5 15. a3
Qb6 16. Qd2 Rcd8 17. g4 d4 18. c4 bxc4 19. bxc4 Qc7 20. f5 exf5 21. gxf5 Rfe8
22. Bh3 f6 23. Re6 Nde5 24. Qe2 g5 25. Re1 Qa5 26. Rb1 Qc7 27. Re1 Rb8 28. Qe4
Qa5 29. Rxe8 Rxe8 30. Rb1 Qxa3 31. Nxe5 Nxe5 32. Qd5 Qa6 33. Rb7+ Kh8 34. Rc7 g4
35. Bg2 Re6 36. fxe6 0-1

[Event "Gibraltar Masters 2015"]
[Site "Caleta ENG"]
[Date "2015.01.27"]
[Round "1.25"]
[White "Sethuraman, S.P."]
[Black "Hoffmann, Hendrik"]
[Result "1-0"]
[WhiteTitle "GM"]
[BlackTitle "FM"]
[WhiteElo "2624"]
[BlackElo "2206"]
[WhiteFideId "5021596"]
[BlackFideId "4618130"]
[EventDate "2015.01.27"]

1. d4 d5 2. c4 dxc4 3. Nf3 Nf6 4. Qa4+ c6 5. Qxc4 Bf5 6. g3 Qd5 7. Qa4 b5 8. Qa5
Bxb1 9. Rxb1 e5 10. Bg2 exd4 11. O-O Be7 12. Rd1 Qf5 13. Bf4 d3 14. Nd4 Qh5 15.
Nxc6 Nxc6 16. Bxc6+ Kf8 17. Bxa8 Ng4 18. h4 g5 19. Qxb5 Nxf2 20. Bf3 Nh3+ 21.
Kh2 Qg6 22. Be5 f6 23. Qxd3 1-0

[Event "Gibraltar Masters 2015"]
[Site "Caleta ENG"]
[Date "2015.01.27"]
[Round "1.26"]
[White "Dolzhikova, Olga"]
[Black "Naroditsky, Daniel"]
[Result "0-1"]
[WhiteTitle "WGM"]
[BlackTitle "GM"]
[WhiteElo "2194"]
[BlackElo "2622"]
[WhiteFideId "14105870"]
[BlackFideId "2026961"]
[EventDate "2015.01.27"]

1. e4 c5 2. c3 Nf6 3. d3 Nc6 4. f4 d6 5. Nf3 g6 6. Be2 Bg7 7. O-O O-O 8. a4 c4
9. Nbd2 d5 10. dxc4 dxe4 11. Ng5 Qb6+ 12. Kh1 Rd8 13. c5 Qxc5 14. Qb3 Nd5 15.
Ndxe4 Qb6 16. Qa2 h6 17. Bc4 e6 18. Nf3 Qc7 19. Bd2 b6 20. Rae1 Bb7 21. Bxd5
exd5 22. Ng3 f5 23. Re6 Qf7 24. Rfe1 d4 25. Qc4 Na5 26. Qb4 Bf8 27. Qb5 Bd5 28.
b4 Nc4 29. Ne5 Qxe6 30. Nxc4 Bxc4 31. Rxe6 Bxb5 32. axb5 dxc3 33. Bxc3 Rd1+ 0-1